[Event "Druga liga Srbije- Grupa Vojvodina 2014"]
[Site "Kac, hotel "]
[Date "2014.11.12"]
[Round "7.2"]
[White "Vukovic, Miroslav R"]
[Black "Besedes, Danilo"]
[Result "1/2-1/2"]
[WhiteElo "2183"]
[BlackElo "2113"]
[PlyCount "102"]
[EventDate "2014.11.08"]

1. e4 e5 2. Nf3 Nc6 3. Bb5 a6 4. Ba4 Nf6 5. O-O Be7 6. Re1 b5 7. Bb3 O-O 8. c3
d5 9. exd5 Nxd5 10. Nxe5 Nxe5 11. Rxe5 c6 12. d4 Bd6 13. Re1 Qh4 14. g3 Qh3 15.
Be3 Bg4 16. Qd3 Rae8 17. Nd2 Re6 18. Qf1 Qh5 19. Bxd5 cxd5 20. f3 Bh3 21. Qf2
Rfe8 22. Nf1 Qg6 23. Rad1 h5 24. Bc1 h4 25. Rxe6 Qxe6 26. Ne3 hxg3 27. hxg3 f5
28. Ng2 Qg6 29. Nf4 Bxf4 30. Bxf4 Qh5 31. Rd2 g5 32. Be5 g4 33. f4 Qf7 34. Re2
Re6 35. Qe1 Qe8 36. Re3 Kf7 37. Qd1 Qc6 38. Qd3 Kg6 39. b3 Qc8 40. Kf2 Rc6 41.
a3 Re6 42. Re2 Rc6 43. Rc2 Qe6 44. Ke1 Qc8 45. Qe3 Qe6 46. Re2 Kf7 47. Kf2 Qe8
48. Bd6 Qd7 49. Bc5 Re6 50. Qxe6+ Qxe6 51. Rxe6 Kxe6 1/2-1/2

[Event "Druga liga Srbije- Grupa Vojvodina 2014"]
[Site "Kac, hotel "]
[Date "2014.11.12"]
[Round "7.2"]
[White "Cvetkovic, Slavko"]
[Black "Tomic, Vjekoslav"]
[Result "1/2-1/2"]
[WhiteElo "2217"]
[BlackElo "2237"]
[PlyCount "87"]
[EventDate "2014.11.08"]

1. d4 Nf6 2. Nf3 g6 3. c3 Bg7 4. Bf4 d6 5. h3 c6 6. e3 Nbd7 7. Be2 O-O 8. O-O
Re8 9. Bh2 a5 10. Re1 a4 11. Nbd2 e5 12. Nc4 Qe7 13. dxe5 dxe5 14. Nfxe5 Nxe5
15. Bxe5 Rd8 16. Qc1 Bf5 17. Rd1 Be4 18. Bxf6 Bxf6 19. a3 Bd5 20. Nd2 Rd7 21.
Nf3 Rad8 22. Rd2 b5 23. Qe1 Rb7 24. Rad1 Rc8 25. Nd4 Be5 26. Bf3 Bxf3 27. Nxf3
Bf6 28. Rd6 c5 29. e4 Re8 30. Qd2 b4 31. cxb4 cxb4 32. axb4 Reb8 33. e5 Bxe5
34. Rd8+ Kg7 35. Nxe5 Rxd8 36. Qxd8 Qxe5 37. Qd4 f6 38. f4 Qb5 39. Ra1 h5 40.
Kh2 Qxb4 41. Rxa4 Qxd4 42. Rxd4 Rxb2 43. Rd7+ Kf8 44. h4 1/2-1/2

[Event "Druga liga Srbije- Grupa Vojvodina 2014"]
[Site "Kac, hotel "]
[Date "2014.11.12"]
[Round "7.2"]
[White "Mehandzic, Georgije"]
[Black "Mitrovic, Zivadin"]
[Result "0-1"]
[WhiteElo "2098"]
[BlackElo "2186"]
[PlyCount "50"]
[EventDate "2014.11.08"]

1. e4 d5 2. Nc3 d4 3. Nce2 c5 4. d3 e5 5. g3 Nc6 6. Bg2 g6 7. f4 Bg7 8. Nf3
Nge7 9. O-O O-O 10. h3 Bd7 11. fxe5 Nxe5 12. Nxe5 Bxe5 13. Bf4 Nc6 14. Qd2 Bg7
15. Bh6 Ne5 16. Bxg7 Kxg7 17. Nf4 Bc6 18. Bf3 Qd6 19. h4 f5 20. Rae1 Rae8 21.
Bd1 fxe4 22. dxe4 Nc4 23. Qc1 Ne3 24. Rf2 Rxe4 25. Bf3 Rexf4 0-1

[Event "Druga liga Srbije- Grupa Vojvodina 2014"]
[Site "Kac, hotel "]
[Date "2014.11.12"]
[Round "7.3"]
[White "Sertic, Rudolf"]
[Black "Vukic, Milan"]
[Result "1/2-1/2"]
[WhiteElo "2336"]
[BlackElo "2396"]
[PlyCount "103"]
[EventDate "2014.11.08"]

1. c4 Nf6 2. Nc3 d6 3. g3 e5 4. Bg2 c6 5. d4 Nbd7 6. Nf3 Be7 7. O-O e4 8. Ng5
d5 9. cxd5 cxd5 10. Nh3 O-O 11. Bg5 h6 12. Bxf6 Nxf6 13. Qb3 g5 14. f4 Bxh3 15.
Bxh3 g4 16. Bg2 Qb6 17. e3 Qxb3 18. axb3 a6 19. Rfc1 Rac8 20. Kf2 Rc6 21. Na2
Rfc8 22. Rc3 Ne8 23. Bf1 Kg7 24. Rac1 R8c7 25. Be2 h5 26. b4 Rxc3 27. Rxc3 Rxc3
28. Nxc3 Nc7 29. b5 axb5 30. Bxb5 Bb4 31. Bd7 Bxc3 32. bxc3 Kf6 33. Ke1 Ke7 34.
Bc8 b6 35. Bb7 Ke6 36. Bc8+ Ke7 37. Bb7 Ke6 38. Kd2 Ne8 39. f5+ Kd6 40. c4 dxc4
41. Bxe4 Nf6 42. Bg2 Nh7 43. e4 f6 44. h4 gxh3 45. Bxh3 Ng5 46. Bg2 b5 47. Kc3
Nf7 48. Kb4 Ng5 49. Bh1 Nf7 50. Bg2 Ng5 51. Kc3 Nf7 52. Kb4 1/2-1/2

[Event "Druga liga Srbije- Grupa Vojvodina 2014"]
[Site "Kac, hotel "]
[Date "2014.11.12"]
[Round "7.3"]
[White "Stupavski, Zdenko"]
[Black "Vujadinovic, Goran"]
[Result "1/2-1/2"]
[WhiteElo "2413"]
[BlackElo "2346"]
[PlyCount "161"]
[EventDate "2014.11.08"]

1. e4 d6 2. d4 g6 3. Nc3 Bg7 4. Bg5 h6 5. Be3 a6 6. Qd2 b5 7. f3 Bb7 8. Nh3 Nd7
9. Be2 e6 10. Nf2 Ne7 11. O-O f5 12. a4 b4 13. Na2 a5 14. c3 bxc3 15. Nxc3 g5
16. f4 g4 17. exf5 exf5 18. d5 O-O 19. Bc4 Rf7 20. Rfe1 Kh7 21. Rac1 Qh8 22. b3
Nf6 23. Qd3 Rg8 24. Bd4 Bc8 25. Nb5 Ng6 26. g3 Re8 27. Re6 Nh5 28. Rce1 Bxe6
29. dxe6 Rfe7 30. Qxf5 Bxd4 31. Nxd4 Nhxf4 32. Re4 Rf8 33. Qxa5 d5 34. Bxd5
Nh3+ 35. Nxh3 gxh3 36. Qd2 Qf6 37. Bc4 Rg7 38. Qe1 c5 39. e7 Rxe7 40. Rxe7+
Qxe7 41. Qxe7+ Nxe7 42. Ne6 Rc8 43. a5 Nc6 44. a6 Na7 45. Kf2 Kg6 46. g4 Kf6
47. Kg3 Rc6 48. Nd8 Rc8 49. Nb7 Ke5 50. Kxh3 Kd4 51. Nd6 Rd8 52. Nf7 Rd7 53.
Nxh6 Nc6 54. g5 Ne5 55. Nf5+ Kc3 56. Be6 Ra7 57. Kg3 Rxa6 58. Bd5 Ra1 59. h4
Rd1 60. Bg8 Rd3+ 61. Kf4 Ng6+ 62. Kg4 Ne5+ 63. Kh5 Rd8 64. Nh6 Rd4 65. Be6 Rd6
66. Bg8 Rd4 67. Nf5 Rd8 68. Be6 Rh8+ 69. Nh6 Re8 70. Bg8 Nf3 71. Bd5 Nd4 72.
Bf7 Re5 73. Ng4 Rf5 74. Nh6 Re5 75. Kg4 Re4+ 76. Kh5 Re5 77. Kg6 Nf3 78. Nf5
Re4 79. h5 Rg4 80. h6 Ne5+ 81. Kf6 1/2-1/2

[Event "Druga liga Srbije- Grupa Vojvodina 2014"]
[Site "Kac, hotel "]
[Date "2014.11.12"]
[Round "7.3"]
[White "Kolognat, Petar"]
[Black "Elez, Nikola"]
[Result "1-0"]
[WhiteElo "2294"]
[BlackElo "2168"]
[PlyCount "63"]
[EventDate "2014.11.08"]

1. d4 d6 2. Nc3 Nc6 3. e4 Nf6 4. d5 Nb8 5. f4 Bg4 6. Qd3 c6 7. h3 Bc8 8. Nf3 g6
9. Be3 Bg7 10. O-O-O cxd5 11. e5 Ne4 12. Nxd5 Ng3 13. exd6 exd6 14. Bd4 O-O 15.
Bxg7 Kxg7 16. Qc3+ f6 17. Rg1 Nc6 18. Re1 Bf5 19. Bd3 Bxd3 20. Qxd3 Qa5 21. Nd2
Rae8 22. Nc3 Nf5 23. Nc4 Qc5 24. g4 Nfd4 25. a3 b5 26. Nd2 d5 27. b4 Qd6 28.
Nxb5 Qxf4 29. Nxd4 Nxd4 30. Kb2 Qf2 31. Rgf1 Qg2 32. Qxd4 1-0

[Event "Druga liga Srbije- Grupa Vojvodina 2014"]
[Site "Kac, hotel "]
[Date "2014.11.12"]
[Round "7.3"]
[White "Gavric, Zivojin"]
[Black "Mastrapovic, Vladimir"]
[Result "0-1"]
[WhiteElo "2104"]
[BlackElo "2274"]
[PlyCount "126"]
[EventDate "2014.11.08"]

1. d4 Nf6 2. Nf3 d5 3. Bf4 Nh5 4. Be3 g6 5. g3 Bg7 6. Bg2 O-O 7. O-O c5 8. c3
c4 9. Qd2 Re8 10. Re1 Nf6 11. Na3 Ne4 12. Qc1 Nc6 13. Nd2 Nf6 14. Nf3 e6 15.
Bh6 Bh8 16. Bg5 Qb6 17. Nd2 Ng4 18. h3 h6 19. hxg4 hxg5 20. e4 Bd7 21. Nc2 Bf6
22. Ne3 Ne7 23. exd5 exd5 24. Nxd5 Nxd5 25. Bxd5 Rxe1+ 26. Qxe1 Re8 27. Qc1
Bxg4 28. Bxc4 Kg7 29. Bf1 Bf5 30. Nc4 Qc6 31. Ne3 Be4 32. Qd2 Qe6 33. Bg2 Rh8
34. f3 Bd5 35. b3 Bc6 36. Re1 Qd6 37. Kf2 b5 38. Rh1 Rc8 39. Ng4 Bd8 40. Qe3 f6
41. Re1 Bd7 42. Nh2 Kf7 43. Nf1 Bc7 44. c4 Bb6 45. c5 Rxc5 46. Qe7+ Qxe7 47.
Rxe7+ Kxe7 48. dxc5 Bxc5+ 49. Ke2 Bc6 50. Bh3 f5 51. Nd2 Kf6 52. g4 Ke5 53. Nf1
Kf4 54. Nd2 a5 55. gxf5 gxf5 56. Bg2 g4 57. a4 bxa4 58. bxa4 Bxa4 59. fxg4 Bb5+
60. Kd1 fxg4 61. Kc2 Ke3 62. Kd1 a4 63. Nb1 Bb4 0-1

[Event "Druga liga Srbije- Grupa Vojvodina 2014"]
[Site "Kac, hotel "]
[Date "2014.11.12"]
[Round "7.3"]
[White "Bogic, Stevan"]
[Black "Zobenica, Ivan"]
[Result "0-1"]
[WhiteElo "2199"]
[BlackElo "2106"]
[PlyCount "96"]
[EventDate "2014.11.08"]

1. d4 Nf6 2. c4 d6 3. Nc3 Nbd7 4. e4 e5 5. d5 Be7 6. f3 c6 7. Be3 O-O 8. Nh3
Re8 9. Be2 Nf8 10. Nf2 Ng6 11. g3 a6 12. b4 cxd5 13. cxd5 Bd7 14. Na4 Bxa4 15.
Qxa4 Nh5 16. Nd3 Bg5 17. Bf2 f5 18. exf5 e4 19. fxe4 Rxe4 20. Kf1 Rxe2 21. Kxe2
Qe7+ 22. Kf3 Qf7 23. Kg2 Qxf5 24. Rhd1 Rf8 25. Qb3 Qf3+ 26. Kg1 Be3 27. Qc2
Nxg3 28. hxg3 Qxg3+ 29. Kf1 Ne5 30. Qc8 Bxf2 31. Qxf8+ Kxf8 32. Nxf2 h5 33.
Rac1 h4 34. Rc7 h3 35. Rdc1 Qg2+ 36. Ke2 Qxd5 37. Rc8+ Ke7 38. R8c7+ Nd7 39.
Rh1 Qxa2+ 40. Kf3 Kd8 41. Rcc1 Ne5+ 42. Kg3 Qa3+ 43. Kh4 Qf3 44. Rcf1 Ng6+ 45.
Kg5 Qg3+ 46. Kf5 Nh4+ 47. Ke4 Qf3+ 48. Kd4 Nf5+ 0-1

[Event "Druga liga Srbije- Grupa Vojvodina 2014"]
[Site "Kac, hotel "]
[Date "2014.11.12"]
[Round "7.3"]
[White "Indjic, Stefan"]
[Black "Markovic, Dragan M"]
[Result "1-0"]
[WhiteElo "2080"]
[BlackElo "2017"]
[PlyCount "114"]
[EventDate "2014.11.08"]

1. e4 e5 2. Nf3 Nc6 3. Bb5 d6 4. O-O Bd7 5. c3 g6 6. d4 Bg7 7. Re1 Nge7 8. Bg5
h6 9. Be3 O-O 10. dxe5 dxe5 11. Nbd2 Be6 12. Bc4 Qc8 13. Qe2 Kh7 14. Bxe6 Qxe6
15. Qc4 Qxc4 16. Nxc4 b5 17. Na3 a6 18. Bc5 Bf6 19. Rad1 Rfd8 20. Nc2 Bg7 21.
Nb4 f6 22. Rxd8 Rxd8 23. Nxa6 Ra8 24. Nxc7 Rxa2 25. Ba3 f5 26. Nd2 b4 27. cxb4
Nd4 28. Rb1 Nc8 29. Nd5 Nb5 30. Nc4 Nca7 31. Nde3 f4 32. Nc2 Nc6 33. Ne1 Ncd4
34. Nd3 Nc2 35. Nc1 Ra1 36. Rxa1 Nxa1 37. Nd3 Nc2 38. Kf1 g5 39. Ndxe5 Bf8 40.
Nd3 Kg8 41. f3 Kf7 42. g3 g4 43. Nde5+ Ke6 44. Nxg4 h5 45. Nf2 Nbd4 46. gxf4
Nxf3 47. b5 Bh6 48. f5+ Kd7 49. Bc5 Ncd4 50. b6 Nc6 51. Nd3 Nxh2+ 52. Kg2 Ng4
53. e5 Bg5 54. Bd6 Ne3+ 55. Nxe3 Bxe3 56. b7 Ba7 57. b4 Nd8 1-0

[Event "Druga liga Srbije- Grupa Vojvodina 2014"]
[Site "Kac, hotel "]
[Date "2014.11.12"]
[Round "7.4"]
[White "Drasko, Milan"]
[Black "Czebe, Attila"]
[Result "1/2-1/2"]
[WhiteElo "2435"]
[BlackElo "2437"]
[PlyCount "20"]
[EventDate "2014.11.08"]

1. Nf3 c5 2. g3 Nc6 3. Bg2 e5 4. O-O d5 5. c4 d4 6. e3 Nf6 7. exd4 exd4 8. d3
Be7 9. Bf4 O-O 10. Ne5 Nxe5 1/2-1/2

[Event "Druga liga Srbije- Grupa Vojvodina 2014"]
[Site "Kac, hotel "]
[Date "2014.11.12"]
[Round "7.4"]
[White "Sevo, Dusan"]
[Black "Tokovic, Svetozar"]
[Result "1/2-1/2"]
[WhiteElo "2232"]
[BlackElo "2235"]
[PlyCount "23"]
[EventDate "2014.11.08"]

1. e4 c5 2. Nf3 e6 3. d3 d5 4. Nbd2 Nf6 5. g3 Be7 6. Bg2 O-O 7. O-O Nc6 8. Re1
Qc7 9. c3 b5 10. exd5 exd5 11. Nb3 a5 12. a4 1/2-1/2

[Event "Druga liga Srbije- Grupa Vojvodina 2014"]
[Site "Kac, hotel "]
[Date "2014.11.12"]
[Round "7.5"]
[White "Indjic, Dusan"]
[Black "Del Rey, Diego"]
[Result "0-1"]
[WhiteElo "2287"]
[BlackElo "2379"]
[PlyCount "24"]
[EventDate "2014.11.08"]

1. d4 d5 2. c4 c6 3. Nf3 Nf6 4. Nbd2 g6 5. e3 Bg7 6. Bd3 O-O 7. O-O c5 8. b3
cxd4 9. exd4 Nc6 10. c5 Nd7 11. b4 Nxd4 12. Nxd4 Bxd4 {dalje necitko...57} 0-1

[Event "Druga liga Srbije- Grupa Vojvodina 2014"]
[Site "Kac, hotel "]
[Date "2014.11.12"]
[Round "7.5"]
[White "Drazic, Sinisa"]
[Black "Stamenkovic, Aleksandar"]
[Result "1-0"]
[WhiteElo "2429"]
[BlackElo "2284"]
[PlyCount "89"]
[EventDate "2014.11.08"]

1. d4 Nf6 2. Bg5 Ne4 3. h4 d5 4. Nd2 Nd6 5. e3 Bf5 6. c4 dxc4 7. Nxc4 h6 8. Bf4
e6 9. Ne5 Be7 10. Ngf3 c6 11. Bd3 Qa5+ 12. Ke2 Na6 13. a3 Nc7 14. g4 Bxd3+ 15.
Qxd3 Nd5 16. Bg3 Nf6 17. Nd2 Rd8 18. Rac1 Qb5 19. Qxb5 Nxb5 20. h5 Nd6 21. f3
Nd5 22. e4 Nb6 23. Nb3 Na4 24. Rc2 Nb5 25. Bf2 Bd6 26. Na5 Rb8 27. Nac4 Bc7 28.
b3 Nb6 29. a4 Nd6 30. Nd2 Nd7 31. Nd3 Bb6 32. b4 a6 33. Nb3 f6 34. Nbc5 Nf8 35.
e5 Nc8 36. exf6 gxf6 37. Bg3 Ra8 38. Nxb7 Bxd4 39. Rxc6 e5 40. Bf2 Bxf2 41.
Kxf2 Nd7 42. Ndc5 a5 43. Rd1 Rh7 44. Rxc8+ Rxc8 45. Nd6+ 1-0

[Event "Druga liga Srbije- Grupa Vojvodina 2014"]
[Site "Kac, hotel "]
[Date "2014.11.12"]
[Round "7.5"]
[White "Miljkovic, Bojan"]
[Black "Ljubisavljevic, Zivojin Z"]
[Result "1-0"]
[WhiteElo "2238"]
[BlackElo "2158"]
[PlyCount "41"]
[EventDate "2014.11.08"]

1. Nf3 g6 2. c4 Bg7 3. Nc3 c5 4. g3 Nc6 5. Bg2 e5 6. O-O f5 7. d3 d6 8. Rb1 a5
9. a3 Nge7 10. Ne1 O-O 11. Nc2 h6 12. b4 axb4 13. axb4 e4 14. Nd5 Nxd5 15. cxd5
Nxb4 16. Nxb4 cxb4 17. dxe4 fxe4 18. Rxb4 Bg4 19. Bxe4 Bh3 20. Bg2 Bxg2 21.
Kxg2 {dalje necitko..29 moves} 1-0

[Event "Druga liga Srbije- Grupa Vojvodina 2014"]
[Site "Kac, hotel "]
[Date "2014.11.12"]
[Round "7.5"]
[White "Dragojlovic, Andjelko"]
[Black "Stanojevic, Branko"]
[Result "1/2-1/2"]
[WhiteElo "2290"]
[BlackElo "2247"]
[PlyCount "48"]
[EventDate "2014.11.08"]

1. e4 e6 2. d4 d5 3. Nc3 Bb4 4. Qd3 dxe4 5. Qxe4 Nf6 6. Qh4 Nc6 7. Nf3 b6 8.
Bd2 Bb7 9. O-O-O Bxc3 10. Bxc3 Qd5 11. b3 O-O-O 12. Bc4 Qe4 13. Qg3 Qg6 14.
Qxg6 hxg6 15. Ng5 Rd7 16. f3 Rh4 17. g3 Rh8 18. h4 Nd8 19. Rhg1 Nd5 20. Bd2 Ne7
21. Be1 Nf5 22. Bf2 Nd6 23. Be2 f6 24. Nh3 g5 1/2-1/2

[Event "Druga liga Srbije- Grupa Vojvodina 2014"]
[Site "Kac, hotel "]
[Date "2014.11.12"]
[Round "7.5"]
[White "Kovacevic, Dragan"]
[Black "Jovic, Stevan"]
[Result "0-1"]
[WhiteElo "2251"]
[BlackElo "2273"]
[PlyCount "64"]
[EventDate "2014.11.08"]

1. e4 c6 2. d4 d5 3. exd5 cxd5 4. Bd3 Nc6 5. c3 Nf6 6. Nf3 Bg4 7. Nbd2 e6 8.
O-O Bd6 9. Qe1 Qc7 10. Bb5 O-O 11. Bxc6 bxc6 12. Ne5 Bf5 13. f4 c5 14. Kh1 Nd7
15. Nxd7 Qxd7 16. dxc5 Bxc5 17. Nb3 Bd6 18. Be3 Qb7 19. Qf2 Rfc8 20. Bc5 Bc7
21. Nd4 Be4 22. b4 Bb6 23. Nb3 Rc6 24. Rfe1 Rac8 25. h3 e5 26. fxe5 Rg6 27. Rg1
Qd7 28. Kh2 Qe6 29. Qf4 Bc7 30. Bd6 Bxd6 31. exd6 Rxc3 32. g4 Rf6 0-1

[Event "Druga liga Srbije- Grupa Vojvodina 2014"]
[Site "Kac, hotel "]
[Date "2014.11.12"]
[Round "7.6"]
[White "Ratkovic, Miloje"]
[Black "Somborski, Nebojsa"]
[Result "1/2-1/2"]
[WhiteElo "2376"]
[BlackElo "2318"]
[PlyCount "94"]
[EventDate "2014.11.08"]

1. Nf3 d5 2. b3 Nf6 3. Bb2 e6 4. e3 Be7 5. d4 O-O 6. Bd3 c5 7. O-O Nc6 8. a3 a5
9. Nbd2 a4 10. dxc5 axb3 11. cxb3 Bxc5 12. b4 Bd6 13. e4 Ng4 14. Qe2 Nce5 15.
h3 Nxd3 16. Qxd3 dxe4 17. Qxe4 Nf6 18. Qh4 Nd5 19. Qc4 b5 20. Qb3 Bb7 21. Rfd1
Rc8 22. Ne4 Be7 23. Nd4 Qc7 24. Rac1 Qf4 25. Ng3 Qb8 26. Nde2 Rfd8 27. Nh5 g6
28. Nhg3 Rxc1 29. Rxc1 Rc8 30. Rd1 Qc7 31. Rc1 Qd7 32. Rxc8+ Qxc8 33. Qd1 Bf6
34. Bxf6 Nxf6 35. Qd4 Nd5 36. Ne4 Qc2 37. N2c3 Qc1+ 38. Kh2 Qf4+ 39. g3 Qf3 40.
Nxd5 Bxd5 41. Nf6+ Kf8 42. Nxd5 exd5 43. Kg1 Kg8 44. Qe5 Qd3 45. Qe8+ Kg7 46.
Qe5+ Kg8 47. Qe8+ Kg7 1/2-1/2

[Event "Druga liga Srbije- Grupa Vojvodina 2014"]
[Site "Kac, hotel "]
[Date "2014.11.12"]
[Round "7.6"]
[White "Bodiroga, Predrag"]
[Black "Ratkovic, Milovan"]
[Result "1/2-1/2"]
[WhiteElo "2358"]
[BlackElo "2332"]
[PlyCount "78"]
[EventDate "2014.11.08"]

1. Nf3 d5 2. c4 c6 3. e3 Nf6 4. b3 Bg4 5. Bb2 e6 6. h3 Bh5 7. Nc3 Nbd7 8. d4
Ne4 9. Qc2 Bb4 10. a3 Bxc3+ 11. Bxc3 Nxc3 12. Qxc3 O-O 13. Be2 a5 14. O-O Qe7
15. Ra2 f6 16. Re1 Kh8 17. Bd1 Bxf3 18. Bxf3 f5 19. Rea1 Nf6 20. b4 axb4 21.
axb4 Rxa2 22. Rxa2 Ne4 23. Bxe4 fxe4 24. cxd5 exd5 25. Qc5 Qf7 26. b5 cxb5 27.
Qxb5 Rc8 28. Rb2 Rc7 29. Qb6 h6 30. Qd6 Kh7 31. Kh2 Rc6 32. Qe5 Rf6 33. Kg1 Rc6
34. Kh2 Rf6 35. Qg3 Rc6 36. Qe5 Rf6 37. Qg3 Rc6 38. Kg1 Rc1+ 39. Kh2 Rc6
1/2-1/2

[Event "Druga liga Srbije- Grupa Vojvodina 2014"]
[Site "Kac, hotel "]
[Date "2014.11.12"]
[Round "7.6"]
[White "Vucinic, Gojko"]
[Black "Brajic, Djordje"]
[Result "1-0"]
[WhiteElo "2296"]
[BlackElo "2267"]
[PlyCount "67"]
[EventDate "2014.11.08"]

1. e4 e5 2. Nf3 Nc6 3. Bc4 Nf6 4. Ng5 d5 5. exd5 Na5 6. Bb5+ c6 7. dxc6 bxc6 8.
Bd3 Bc5 9. O-O O-O 10. Qf3 Qc7 11. Nc3 Rb8 12. Bf5 Bxf5 13. Qxf5 h6 14. Nge4
Nxe4 15. Nxe4 Be7 16. d3 c5 17. f4 Nc6 18. fxe5 Nd4 19. Qf2 Qxe5 20. c3 Ne6 21.
Qf5 Qxf5 22. Rxf5 Rfd8 23. Nf2 g6 24. Re5 Bf6 25. Re4 Kg7 26. Rc4 Rd7 27. b3
Rbd8 28. Be3 Rxd3 29. Nxd3 Rxd3 30. Kf2 Bxc3 31. Rc1 Bf6 32. Ke2 Rd5 33. Bxc5
Bg5 34. R1c2 {dalje necitko...58 moves} 1-0

[Event "Druga liga Srbije- Grupa Vojvodina 2014"]
[Site "Kac, hotel "]
[Date "2014.11.12"]
[Round "7.6"]
[White "Perisic, Radivoj"]
[Black "Munizaba, Slobodan"]
[Result "1/2-1/2"]
[WhiteElo "2323"]
[BlackElo "2335"]
[PlyCount "43"]
[EventDate "2014.11.08"]

1. e4 c5 2. Nf3 d6 3. d4 cxd4 4. Nxd4 Nf6 5. Nc3 a6 6. Bg5 Nbd7 7. Bc4 h6 8.
Bxf6 Nxf6 9. Qd2 e6 10. O-O-O b5 11. Bb3 Bd7 12. a3 Be7 13. f4 O-O 14. Qe2 Qa5
15. g4 Rfc8 16. g5 hxg5 17. fxg5 Rxc3 18. gxf6 Bxf6 19. bxc3 Qxc3 20. Nf3 Qb2+
21. Kd2 Qc3+ 22. Kc1 1/2-1/2

[Event "Druga liga Srbije- Grupa Vojvodina 2014"]
[Site "Kac, hotel "]
[Date "2014.11.12"]
[Round "7.6"]
[White "Orlov, Konstantin"]
[Black "Strbac, Mladen"]
[Result "0-1"]
[WhiteElo "2224"]
[BlackElo "2298"]
[PlyCount "44"]
[EventDate "2014.11.08"]

1. d4 d6 2. e4 Nf6 3. Nc3 g6 4. Bg5 Bg7 5. h3 c6 6. Nf3 O-O 7. Be2 d5 8. e5 Ne4
9. Nxe4 dxe4 10. Nh2 c5 11. c3 cxd4 12. Qxd4 Qxd4 13. cxd4 f6 14. Be3 Be6 15.
f4 Nc6 16. Rc1 Rac8 17. Bc4 Bxc4 18. Rxc4 Nxe5 19. Rxc8 Nd3+ 20. Kd2 Rxc8 21.
b3 Nb4 22. a3 Nd5 0-1

[Event "Druga liga Srbije- Grupa Vojvodina 2014"]
[Site "Kac, hotel "]
[Date "2014.11.12"]
[Round "7.5"]
[White "Dimitrijevic, Nenad"]
[Black "Skoko, Milan"]
[Result "0-1"]
[WhiteElo "2246"]
[BlackElo "2199"]
[PlyCount "83"]
[EventDate "2014.11.08"]

1. e4 c5 2. Nf3 Nc6 3. Bb5 g6 4. Bxc6 dxc6 5. d3 Bg7 6. h3 Nf6 7. Nc3 O-O 8.
Be3 b6 9. Qd2 Ne8 10. Bh6 f6 11. O-O-O e5 12. Nh2 Bxh6 13. Qxh6 Qe7 14. f4 Nd6
15. fxe5 fxe5 16. Rhf1 Bd7 17. h4 Nf7 18. Qe3 Qxh4 19. Qg1 Qg5+ 20. Kb1 Bg4 21.
Nxg4 Qxg4 22. Qh2 Qe6 23. Rh1 Ng5 24. Qh4 Qe7 25. Rdf1 Rxf1+ 26. Rxf1 Rf8 27.
Rh1 Rf7 28. Nd1 Ne6 29. Qg4 Rf4 30. Qh3 Nf8 31. Ne3 Qe6 32. Qg3 b5 33. a3 a5
34. Qg5 Qf6 35. Qg3 a4 36. Qh3 Qe6 37. Qg3 b4 38. Nc4 b3 39. cxb3 axb3 40. Qe3
Nd7 41. Rc1 Qf7 42. a4 {dalje necitko...59 moves} 0-1

[Event "Druga liga Srbije- Grupa Vojvodina 2014"]
[Site "Kac, hotel "]
[Date "2014.11.13"]
[Round "8.1"]
[White "Kopasz, Robert"]
[Black "Stojanovic, Dalibor"]
[Result "0-1"]
[WhiteElo "2322"]
[BlackElo "2504"]
[PlyCount "112"]
[EventDate "2014.11.08"]

1. d4 Nf6 2. Nf3 g6 3. g3 Bg7 4. Bg2 O-O 5. O-O c6 6. Nbd2 d5 7. Re1 Na6 8. c3
Bf5 9. Qb3 Qc8 10. c4 dxc4 11. Nxc4 Be6 12. Qc3 c5 13. Nce5 Nd5 14. Qd2 cxd4
15. Rd1 Qc7 16. Qxd4 Nab4 17. Rb1 Rfd8 18. Bf4 Nxf4 19. Qxf4 Nd5 20. Qd4 Nb6
21. Qf4 Bxa2 22. Rxd8+ Rxd8 23. Rc1 Qd6 24. Qe3 Be6 25. Nd3 a6 26. Ng5 Bh6 27.
h4 Nc4 28. Qe4 Bxg5 29. hxg5 b5 30. Ra1 Bf5 31. Qb7 Bxd3 32. Rxa6 Qe5 33. exd3
Nxb2 34. d4 Qe1+ 35. Bf1 Nd1 36. Ra2 Nc3 37. Qc7 Nxa2 38. Qxd8+ Kg7 39. d5 Qe5
40. Bxb5 Nc3 41. Bc4 Qd4 42. Qxe7 Ne4 43. Kh1 Qxc4 44. Qe5+ Kf8 45. Kg2 Nc3 46.
Qh8+ Ke7 47. Qf6+ Ke8 48. d6 Qe4+ 49. Kh2 Nd5 50. d7+ Kxd7 51. Qxf7+ Ne7 52.
Qxh7 Qf5 53. Qh3 Qxh3+ 54. Kxh3 Ke6 55. Kg4 Ke5 56. f3 Nd5 0-1

[Event "Druga liga Srbije- Grupa Vojvodina 2014"]
[Site "Kac, hotel "]
[Date "2014.11.13"]
[Round "8.1"]
[White "Ratkovic, Miloje"]
[Black "Simonyi, Zoltan"]
[Result "1-0"]
[WhiteElo "2376"]
[BlackElo "2282"]
[PlyCount "87"]
[EventDate "2014.11.08"]

1. Nf3 c5 2. e3 Nc6 3. d4 d5 4. Be2 Nf6 5. O-O Bg4 6. dxc5 e6 7. a3 Bxc5 8. b4
Be7 9. Bb2 O-O 10. Nbd2 Rc8 11. Rc1 Qc7 12. c4 Qb8 13. cxd5 exd5 14. Nb3 Be6
15. b5 Nd8 16. Qd4 Bf5 17. Rxc8 Bxc8 18. Qa4 Ne4 19. Bd3 Nd6 20. Be5 Ne6 21.
Nfd4 Qa8 22. Nxe6 Bxe6 23. Nd4 Bd7 24. Qb3 b6 25. Qb4 Nc8 26. Qc3 f6 27. Bf4
Qb7 28. Qc2 Bxa3 29. Bxh7+ Kh8 30. Bd3 g5 31. Bg3 Nd6 32. Qe2 Be8 33. Qa2 Bb4
34. Qb3 Bc5 35. Ne6 Ne4 36. Bxe4 dxe4 37. Nxf8 Bxf8 38. Rd1 Bf7 39. Qc3 Kg7 40.
h4 g4 41. Qc6 Qe7 42. Rd7 Qe8 43. Rxa7 Qd8 44. Qe6 1-0

[Event "Druga liga Srbije- Grupa Vojvodina 2014"]
[Site "Kac, hotel "]
[Date "2014.11.13"]
[Round "8.1"]
[White "Nagy, Attila N"]
[Black "Ratkovic, Milovan"]
[Result "0-1"]
[WhiteElo "2221"]
[BlackElo "2332"]
[PlyCount "50"]
[EventDate "2014.11.08"]

1. c4 c6 2. d4 d5 3. Nf3 Nf6 4. Nc3 e6 5. g3 Nbd7 6. Bg2 dxc4 7. O-O Bd6 8. Qc2
O-O 9. Rd1 Qe7 10. e4 e5 11. Qe2 exd4 12. Nxd4 Ne5 13. Bf4 Nd3 14. e5 Nxe5 15.
Re1 Re8 16. Rad1 Bg4 17. f3 Bd7 18. Qd2 Qf8 19. Bg5 Nd3 20. Rxe8 Rxe8 21. Bxf6
gxf6 22. Ne4 Rxe4 23. fxe4 Bc5 24. Qc3 Qd6 25. Qxc4 Nxb2 0-1

[Event "Druga liga Srbije- Grupa Vojvodina 2014"]
[Site "Kac, hotel "]
[Date "2014.11.13"]
[Round "8.1"]
[White "Vucinic, Gojko"]
[Black "Vranic, Ljubomir"]
[Result "1-0"]
[WhiteElo "2296"]
[BlackElo "2187"]
[PlyCount "81"]
[EventDate "2014.11.08"]

1. e4 e6 2. d4 d5 3. Nc3 Bb4 4. e5 c5 5. a3 Bxc3+ 6. bxc3 Qa5 7. Bd2 Qa4 8. Qb1
a6 9. Nf3 Ne7 10. dxc5 Nd7 11. Qb4 Qxc2 12. Be2 Nc6 13. Qg4 O-O 14. Rc1 Qg6 15.
Qxg6 hxg6 16. Be3 Ndxe5 17. Nxe5 Nxe5 18. Rb1 Nc6 19. O-O Nd8 20. c4 Bd7 21.
cxd5 exd5 22. Bf3 Bc6 23. Rfd1 d4 24. Rxd4 Bxf3 25. gxf3 Rc8 26. Rd7 Re8 27.
Rbd1 Kf8 28. R1d5 Kg8 29. Kf1 Kf8 30. Bf4 Kg8 31. Bc7 Nc6 32. Bb6 Rb8 33. Rc7
Nd8 34. Rdd7 Re6 35. a4 Kf8 36. a5 Ke8 37. c6 Rxc6 38. Re7+ Kf8 39. Rcd7 Re6
40. Rxd8+ Rxd8 41. Rxe6 1-0

[Event "Druga liga Srbije- Grupa Vojvodina 2014"]
[Site "Kac, hotel "]
[Date "2014.11.13"]
[Round "8.1"]
[White "Juhasz, Bencze"]
[Black "Munizaba, Slobodan"]
[Result "0-1"]
[WhiteElo "2145"]
[BlackElo "2335"]
[PlyCount "54"]
[EventDate "2014.11.08"]

1. e4 c5 2. Nf3 e6 3. d4 cxd4 4. Nxd4 a6 5. Bd3 Bc5 6. Nb3 Ba7 7. O-O Nc6 8.
Qg4 Qf6 9. Nc3 Nge7 10. Kh1 Ne5 11. Qg3 Nxd3 12. cxd3 Nc6 13. Be3 Bxe3 14. fxe3
Qe5 15. Qf3 O-O 16. d4 Qc7 17. Qh5 d6 18. Rf3 Qe7 19. Raf1 Bd7 20. e5 dxe5 21.
dxe5 g6 22. Qh3 Nxe5 23. Rf6 Bc6 24. Nd4 Bd5 25. Qg3 Nc4 26. Nf5 Bxg2+ 27. Kxg2
exf5 0-1

[Event "Druga liga Srbije- Grupa Vojvodina 2014"]
[Site "Kac, hotel "]
[Date "2014.11.13"]
[Round "8.1"]
[White "Kostic, Branimir"]
[Black "Kaszas, Viktor"]
[Result "1/2-1/2"]
[WhiteElo "2200"]
[BlackElo "2039"]
[PlyCount "50"]
[EventDate "2014.11.08"]

1. d4 Nf6 2. c4 c5 3. Nf3 cxd4 4. Nxd4 e5 5. Nc2 d5 6. e3 Be6 7. cxd5 Nxd5 8.
e4 Nb6 9. Qxd8+ Kxd8 10. Be3 Nc6 11. Nc3 Rc8 12. Bb5 Bd6 13. O-O-O Ke7 14. Kb1
Rhd8 15. Bxb6 axb6 16. Nd5+ Bxd5 17. Rxd5 f6 18. Rhd1 Bc5 19. f3 Nd4 20. Nxd4
Bxd4 21. Rxd8 Kxd8 22. f4 Ke7 23. f5 Rc5 24. a4 h6 25. Rd3 Kd6 1/2-1/2